| 000 | 00858cam a2200313 a 4500 | ||
|---|---|---|---|
| 001 | 0238 | ||
| 003 | DO-SdBNP | ||
| 005 | 20180208110742.0 | ||
| 006 | 0238 | ||
| 008 | 930428s2010 ag a j 000 1 spa | ||
| 010 | _a | ||
| 020 | _a9799870407485 | ||
| 035 | _a | ||
| 040 |
_aBPMSU _cspa _dBPMSU |
||
| 050 |
_a _b |
||
| 082 | 4 | _2 | |
| 100 | 1 |
_aSantis, Pablo de, _d1963- |
|
| 245 | 1 | 3 |
_aEl último espía / _cPablo de Santis ; ilustrador Max Cachimba |
| 260 |
_aBuenos Aires : _bEditorial Alfaguara, _c2010 |
||
| 300 |
_a68 p. : _bil. ; _c21 cm. |
||
| 490 | 1 | _aAfaguara infantil | |
| 500 | _aIncluye datos biográficos del autor : p. 91 | ||
| 500 | _a | ||
| 700 |
_aCachimba, Max _eilustrador |
||
| 830 | _aAfaguara infantil | ||
| 942 |
_2ddc _cBK |
||
| 945 | _aInventariado, 2018/MFF | ||
| 956 |
_aVMATEO _b10 _c20161107 _dBPMSU _f0069 |
||
| 999 |
_c11814 _d11814 |
||